00349nam a22001457a 450000500170000001000230001702000250004003500230006503700190008808200130010724500180012026000230013830000280016149000140018920111221115955.0 aB-444600 B-470496 a9781603466929c50.00 aB-444600 B-470496 bBlue Berry/Ven a628.4458 aLet's recycle bMacaw Books c2010 a24p. bill.c20cm(pbk)  aGo green